Statistics for Naming Elements A-Z

Click here to take the quiz!

General Stats

  • This quiz has been taken 27 times
    (26 since last reset)
  • The average score is 20 of 23

Answer Stats

LetterElement% Correct
AAlluminum
96%
CCarbon
96%
GGallium
96%
IIron
96%
MMagnesium
96%
PPhosphorus
96%
TTitanium
96%
BBeryllium
91%
HHydrogen
91%
LLithium
91%
NNitrogen
91%
RRubidium
91%
SSodium
91%
UUranium
91%
OOxygen
87%
XXenon
87%
ZZinc
83%
FFlourine
78%
EEuropium
74%
KKrypton
74%
VVanadium
65%
YYttrium
65%
DDysprosium
57%

Score Distribution

Percentile by Number Answered

Percent of People with Each Score

Your Score History

You have not taken this quiz since the last reset